|
|
|
|
| LEADER |
00000nam a2200000 4500 |
| 001 |
RU/URAIT/497178 |
| 003 |
https://urait.ru/bcode/497178 |
| 005 |
20250827050525.1 |
| 010 |
|
|
|a 978-5-534-15289-0
|d 1229.00
|
| 073 |
|
1 |
|a 9785534152890
|d 1229.00
|
| 100 |
|
|
|a 20211020d2022 km y0rusy50 ca
|
| 101 |
0 |
|
|a rus
|
| 102 |
|
|
|a RU
|
| 105 |
|
|
|a y j 000yy
|
| 106 |
|
|
|a s
|
| 200 |
1 |
|
|a Налоговая система Российской Федерации
|e учебное пособие для спо
|f О. В. Агабекян.
|
| 210 |
|
|
|a Москва
|c Юрайт
|d 2022
|
| 215 |
|
|
|a 293 с
|
| 225 |
1 |
|
|a Профессиональное образование
|
| 230 |
|
|
|a Электрон. дан.
|
| 300 |
|
|
|a URL: https://urait.ru/bcode/497178 (дата обращения: 27.08.2025).
|
| 330 |
|
|
|a В курсе дана достаточно полная характеристика основ построения налоговой системы Российской Федерации, подробно рассмотрена ее структура, представлена классификация налогов и сборов; рассмотрены права и обязанности налогоплательщиков, налоговых органов и других участников налоговых правоотношений, а также формы и методы налогового контроля, ответственность за совершение налоговых правонарушений. Отдельные темы курса посвящены вопросам методологии исчисления и уплаты федеральных, региональных, местных налогов и сборов, входящих в налоговую систему Российской Федерации; в них дана подробная характеристика таких специальных налоговых режимов, как упрощенная система налогообложения и патент. Учебный материал проиллюстрирован практическими примерами, помогающими студентам разобраться в сложных вопросах исчисления и уплаты налогов и сборов в современных условиях. Для закрепления получаемых в ходе обучения знаний в курсе представлены практические задачи для самостоятельного решения и вопросы для обсуждения на семинарских занятиях. Соответствует актуальным требованиям федерального государственного образовательного стандарта среднего профессионального образования и профессиональным требованиям. Для студентов, обучающихся по направлению подготовки «Экономика», а также аспирантов и преподавателей.
|
| 337 |
|
|
|a Режим доступа: Электронно-библиотечная система Юрайт, для авториз. пользователей
|
| 610 |
2 |
|
|a Налоговая, таможенная, бюджетная системы. Государственные закупки
|
| 610 |
2 |
|
|a Государственное и муниципальное управление
|
| 610 |
2 |
|
|a Налоги и налоговая система
|
| 610 |
2 |
|
|a Налоговая система Российской Федерации
|
| 610 |
2 |
|
|a Налоговая система России
|
| 610 |
2 |
|
|a Налоговая система в РФ
|
| 610 |
2 |
|
|a Налоговая система РФ
|
| 675 |
|
|
|a 336.2(075.32)
|
| 686 |
|
|
|a 67.402.23я723
|2 rubbk
|
| 700 |
|
1 |
|a Агабекян
|b О. В.
|g Ольга Валентиновна
|
| 801 |
|
0 |
|a RU
|b ИКО Юрайт
|c 20211020
|g RCR
|2 rusmarc
|
| 801 |
|
1 |
|a RU
|b ИКО Юрайт
|c 20211020
|g RCR
|2 rusmarc
|
| 856 |
4 |
0 |
|n Юрайт
|g Электронная книга
|q html
|h ЮРАЙТ
|v 20250912
|2 Показать документ
|u https://urait.ru/bcode/497178
|
| 955 |
|
|
|a учебное пособие
|
| 957 |
|
|
|a Налоги и налоговая система
|
| 957 |
|
|
|a Налоговая система Российской Федерации
|
| 957 |
|
|
|a Налоговая система России
|
| 957 |
|
|
|a Налоговая система в РФ
|
| 957 |
|
|
|a Налоговая система РФ
|
| 900 |
|
|
|l
|